Welcome to the Holygrace Academy Library

Please use search bar below to get started

THE BOOK OF WHERE (Record no. 2676)

MARC details
000 -LEADER
fixed length control field 00276nam a22001217a 4500
082 ## - DEWEY DECIMAL CLASSIFICATION NUMBER
Classification number 001
Item number CAS/B
100 ## - MAIN ENTRY--AUTHOR NAME
Personal name CASLEY CHRISTINE
245 ## - TITLE STATEMENT
Title THE BOOK OF WHERE
260 ## - PUBLICATION, DISTRIBUTION, ETC. (IMPRINT)
Place of publication LONDON
Name of publisher HAMLYN PUBLISHING GROUP
300 ## - PHYSICAL DESCRIPTION
Number of Pages 177
650 ## - SUBJECT ADDED ENTRY--TOPICAL TERM
Topical Term GENERAL KNOWLEDGE
Geographic subdivision LONDON
942 ## - ADDED ENTRY ELEMENTS (KOHA)
Koha item type Books
Holdings
Withdrawn status Lost status Collection code Home library Current library Shelving location Date acquired Source of acquisition Full call number Accession Number Koha item type
    Reference Main Library Main Library   18/04/2006 PURCHASE 001 CAS/B 01630 Books